000 00532nam a2200169Ia 4500
008 090201s9999 xx 000 0 und d
010 _aKPL-36736
040 _bमराठी
041 _aमराठी
082 _a28335
_b36736
100 _aअरुण हरकारे
245 _aकल्पनेचा खेळ
_cअरुण हरकारे
260 _c2004
_bमनोरमा प्रकाशन
300 _a198
_bमोठा
600 _aकल्पनेचा खेळ
942 _cBOOK
999 _c227060
_d227060